Anatomía y fisiología y ciencias de la salud / (Registro nro. 1838)

Detalles MARC
000 -LEADER
fixed length control field 01452nam a2200301 4500
001 - CONTROL NUMBER
control field 0000022731
003 - CONTROL NUMBER IDENTIFIER
control field CO-CtgCURN
005 - DATE AND TIME OF LATEST TRANSACTION
control field 20250329164831.0
007 - PHYSICAL DESCRIPTION FIXED FIELD--GENERAL INFORMATION
fixed length control field ta
008 - FIXED-LENGTH DATA ELEMENTS--GENERAL INFORMATION
fixed length control field 160627s2006 000 0 eng d
020 ## - INTERNATIONAL STANDARD BOOK NUMBER
International Standard Book Number 9682478200
040 ## - CATALOGING SOURCE
Original cataloging agency CO-CtgCURN
Language of cataloging spa
Transcribing agency coctgcurn
082 0# - DEWEY DECIMAL CLASSIFICATION NUMBER
Classification number 611
Item number F83a
100 1# - MAIN ENTRY--PERSONAL NAME
Personal name Fuentes Santoyo, Rogelio.
245 10 - TITLE STATEMENT
Title Anatomía y fisiología y ciencias de la salud /
Statement of responsibility, etc. Rogelio Fuentes Santoyo.
250 ## - EDITION STATEMENT
Edition statement 4a ed.
260 ## - PUBLICATION, DISTRIBUTION, ETC.
Place of publication, distribution, etc. Mexico :
Name of publisher, distributor, etc. Trillas,
Date of publication, distribution, etc. 2006.
300 ## - PHYSICAL DESCRIPTION
Extent 332 p.
336 ## - CONTENT TYPE
Source rdacontent
337 ## - MEDIA TYPE
Source rdamedia
Media type term sin mediacion
Media type code n
338 ## - CARRIER TYPE
Source rdacarrier
Carrier type term volumen
Carrier type code nc
500 ## - GENERAL NOTE
General note Incluye indice.
505 8# - FORMATTED CONTENTS NOTE
Formatted contents note Introducción a la anatomía.--Embriología.--Histología.--Aparatos, organos y sistemas.--Osteología.--Artrología.--Miología.--Aparato tegumentario.--Sistema nervioso.--organos de los sentidos.--Esplacnología.--Endocrinología.--Aparato digestivo.--Aparato respiratorio.--Aparato urogenital.--Aparato cardiovascular.--Anatomía de integracion.--Anatomía aplicada.--Anatomía de las edades.--Antropometria.--Anatomía descriptiva.--Introducción a las ciencias de la salud.--Salud y enfermedad.--Alimentacion y nutricion.--Psiquismo y enfermedad.--Problemas sociales de nuestro tiempo.--Ecología y enfermedad
650 14 - SUBJECT ADDED ENTRY--TOPICAL TERM
Topical term or geographic name entry element Anatomía.
908 ## - PUT COMMAND PARAMETER (RLIN)
Put command parameter 160627
942 ## - ADDED ENTRY ELEMENTS (KOHA)
Koha item type Libros
Classification part 611
Item part F83a
Source of classification or shelving scheme Dewey Decimal Classification
Existencias
Withdrawn status Lost status Source of classification or shelving scheme Damaged status Not for loan Collection Home library Current library Shelving location Date acquired Total checkouts Full call number Barcode Date last seen Price effective from Koha item type Public note
    Dewey Decimal Classification     General Miguel Henríquez Emiliani Miguel Henríquez Emiliani General 03/29/2025   611 F83a 011402 03/29/2025 03/29/2025 Libros 610-CIENME